000 00770cam a22002172 4500
001 0000012180
005 20151217152108.0
008 090213s xx 000 0 eng d
020 _a9211313090
040 _aKABU
_cKABU
050 0 _aHT65
_b.U73 1996b
245 1 3 _aAn Urbanizing world :
_bglobal report on human settlements, 1996; executive summary /
_cUnited Nations Centre for Human Settlements (HABITAT)
260 _aNairobi :
_bHabitat,
_c1996.
300 _aiii, 48 p.
650 0 _aHuman settlements.
_@0000153070
650 0 _aRegional planning
_zDeveloping countries.
_@0000153071
710 2 _aUnited Nations Centre for Human Settlements.
_@0000151084
852 1 _9p300 KES
908 _a090213
950 _@1
999 _c8211
_d8211